Top 5 Länder pro Obst & Früchte - Statistiken

Allgemein
  • Dieses Quiz wurde 6.795 mal gespielt
  • Das Durchschnittsergebnis liegt bei 24 aus 40
Antwortstatistiken
Land % Korrekt
Deutschland
95%
Spanien
95%
Brasilien
93%
Italien
91%
China
90%
Vereinigte Staaten
90%
Frankreich
86%
Mexiko
83%
Argentinien
82%
Russland
82%
Indien
80%
Griechenland
78%
Kanada
76%
Türkei
74%
Ägypten
73%
Kolumbien
73%
Chile
71%
Peru
70%
Marokko
69%
Polen
66%
Indonesien
64%
Iran
60%
Ukraine
59%
Algerien
57%
Irak
56%
Neuseeland
56%
Saudi-Arabien
54%
Ecuador
49%
Tunesien
49%
Vereinigtes Königreich
49%
Pakistan
48%
Schweiz
39%
Philippinen
38%
Rumänien
38%
Costa Rica
35%
Serbien
24%
Sri Lanka
18%
Dominikanische Republik
14%
Usbekistan
10%
Kirgisistan
5%
Keine übereinstimmenden Quizze gefunden
Verteilung der Resultate
Anzahl Personen mit jedem Resultat
Perzentil nach korrekt beantworteten Fragen
Ihre Resultats-Entwicklung
Sie haben dieses Quiz noch nicht gespielt